Гарольд в Италии (Запись № 13449480)
[ простой вид ]
| 000 -МАРКЕР | |
|---|---|
| контрольное поле | 02994njm0a2200493 4500 |
| 001 - ИДЕНТИФИКАТОР ЗАПИСИ | |
| контрольное поле | RU\NLR\ONIZ\307723 |
| 005 - ИДЕНТИФИКАТОР ВЕРСИИ | |
| контрольное поле | 20250715170216.0 |
| 035 ## - ДРУГИЕ СИСТЕМНЫЕ НОМЕРА | |
| Идентификатор записи | (NLR Aleph) 022579829 |
| 071 00 - ИЗДАТЕЛЬСКИЙ НОМЕР | |
| Номер, присвоенный агентством | R10 00693-4 |
| 100 ## - ДАННЫЕ ОБЩЕЙ ОБРАБОТКИ | |
| Данные общей обработки | 20240327d1991 |||y0rusy50 ca |
| 102 ## - СТРАНА ПУБЛИКАЦИИ ИЛИ ПРОИЗВОДСТВА | |
| Страна публикации | Российская Федерация |
| 126 ## - ПОЛЕ КОДИРОВАННЫХ ДАННЫХ: ЗВУКОЗАПИСИ - ФИЗИЧЕСКИЕ ХАРАКТЕРИСТИКИ | |
| Кодированные данные звукозаписи (общие) | abbxexu ux |
| Кодированные данные звукозаписи (уточнения) | xxx |
| 127 ## - ПОЛЕ КОДИРОВАННЫХ ДАННЫХ: ПРОДОЛЖИТЕЛЬНОСТЬ ЗВУКОЗАПИСЕЙ И НОТНЫХ ИЗДАНИЙ (МУЗЫКАЛЬНОЕ ИСПОЛНЕНИЕ) | |
| Продолжительность | 004216 |
| 145 0# - ПОЛЕ КОДИРОВАННЫХ ДАННЫХ: СРЕДСТВО ИСПОЛНЕНИЯ МУЗЫКАЛЬНОГО ПРОИЗВЕДЕНИЯ (УСТАРЕВШЕЕ) | |
| Тип средства исполнения | b |
| 200 1# - ЗАГЛАВИЕ И СВЕДЕНИЯ ОБ ОТВЕТСТВЕННОСТИ | |
| Основное заглавие | Гарольд в Италии |
| Общее обозначение материала | Звукозапись |
| Сведения, относящиеся к заглавию | симфония для большого симфонического оркестра с солирующим альтом по поэме Дж. Байрона |
| Первые сведения об ответственности | Г. Берлиоз |
| Последующие сведения об ответственности | исполняют: Ю. Башмет, [скрипка], Большой симфонический оркестр Гостелерадио СССР, дирижер Владимир Федосеев |
| 203 ## - ВИД СОДЕРЖАНИЯ И ТИП СРЕДСТВА | |
| Вид содержания | Музыка |
| Дополнительные сведения об издании | |
| Тип средства | аудио |
| 210 ## - ПУБЛИКАЦИЯ, РАСПРОСТРАНЕНИЕ И ДР. | |
| Место издания, распространения и т.д. | Москва |
| Имя издателя, распространителя и т. д. | Russian Disc |
| Дата издания, распространения и т.д. | 1991 |
| 215 ## - ФИЗИЧЕСКАЯ ХАРАКТЕРИСТИКА | |
| Специфическое обозначение материала и объем | 1 грп. (ок. 43 мин) : 33 об/мин, стерео |
| Размеры | 30 см, в конв. |
| 300 ## - ОБЩИЕ ПРИМЕЧАНИЯ | |
| Текст примечания | Запись 1989 г. |
| 300 ## - ОБЩИЕ ПРИМЕЧАНИЯ | |
| Текст примечания | На конв. коммент. И. Соллертинского |
| 604 ## - ИМЯ И ЗАГЛАВИЕ КАК ПРЕДМЕТ | |
| Связываемые данные | 700#1$aБайрон$bД. Г.$gДжордж Гордон$f1788-1824 |
| -- | 50010$aПаломничество Чайльд-Гарольда$xМузыкальные интерпретации$xЗвукозапись |
| 606 1# - НАИМЕНОВАНИЕ ТЕМЫ КАК ПРЕДМЕТ | |
| Наименование темы | Симфонии для альта с оркестром |
| Географический подзаголовок | Франция |
| Хронологический подзаголовок | 19-20 вв. |
| Формальный подзаголовок | Звукозапись |
| Код системы | nlr_sh |
| 606 1# - НАИМЕНОВАНИЕ ТЕМЫ КАК ПРЕДМЕТ | |
| Наименование темы | Альтисты советские российские |
| Хронологический подзаголовок | 20-21 вв. |
| Формальный подзаголовок | Звукозапись |
| Код системы | nlr_sh |
| 606 1# - НАИМЕНОВАНИЕ ТЕМЫ КАК ПРЕДМЕТ | |
| Наименование темы | Дирижёры советские российские |
| Хронологический подзаголовок | 20-21 вв. |
| Формальный подзаголовок | Звукозапись |
| Код системы | nlr_sh |
| 606 1# - НАИМЕНОВАНИЕ ТЕМЫ КАК ПРЕДМЕТ | |
| Наименование темы | Оркестры симфонические советские и российские |
| Хронологический подзаголовок | 20-21 вв. |
| Формальный подзаголовок | Звукозапись |
| Код системы | nlr_sh |
| 686 0# - ИНДЕКСЫ ДРУГИХ КЛАССИФИКАЦИЙ | |
| Индекс | Щ955.5-040(4Фр) |
| 700 #1 - ИМЯ ЛИЦА - ПЕРВИЧНАЯ ОТВЕТСТВЕННОСТЬ | |
| Системный номер авторитетной/нормативной записи | z01790 |
| Начальный элемент ввода | Берлиоз |
| Часть имени, кроме начального элемента ввода | Г. (Л.- Э.) |
| Даты | 1803-1869 |
| Расширение инициалов личного имени | Гектор (Луи-Эктор) |
| Код отношения | Композитор |
| Графика поля | Кириллица |
| 702 #1 - ИМЯ ЛИЦА - ВТОРИЧНАЯ ОТВЕТСТВЕННОСТЬ | |
| Системный номер авторитетной/нормативной записи | z03790 |
| Начальный элемент ввода | Башмет |
| Часть имени, кроме начального элемента ввода | Ю.А. |
| Дополнения к именам, кроме дат | альт |
| Даты | 1953- |
| Расширение инициалов личного имени | Юрий Абрамович |
| Код отношения | Музыкант |
| -- | |
| Графика поля | Кириллица |
| 702 #1 - ИМЯ ЛИЦА - ВТОРИЧНАЯ ОТВЕТСТВЕННОСТЬ | |
| Системный номер авторитетной/нормативной записи | z04790 |
| Начальный элемент ввода | Федосеев |
| Часть имени, кроме начального элемента ввода | В.И. |
| Даты | 1932- |
| Расширение инициалов личного имени | Владимир Иванович |
| Код отношения | Дирижер, Руководитель оркестра |
| Графика поля | Кириллица |
| 702 #1 - ИМЯ ЛИЦА - ВТОРИЧНАЯ ОТВЕТСТВЕННОСТЬ | |
| Системный номер авторитетной/нормативной записи | z05790 |
| Начальный элемент ввода | Соллертинский |
| Часть имени, кроме начального элемента ввода | И. И. |
| Даты | 1902-1944 |
| Расширение инициалов личного имени | Иван Иванович |
| Код отношения | Автор обозрения, рецензии |
| Графика поля | Кириллица |
| 712 02 - НАИМЕНОВАНИЕ ОРГАНИЗАЦИИ - ВТОРИЧНАЯ ОТВЕТСТВЕННОСТЬ | |
| Начальный элемент ввода | Большой симфонический оркестр Гостелерадио СССР |
| Код отношения | Исполнитель |
| Графика поля | Кириллица |
| 790 #1 - ИМЯ ЛИЦА - АЛЬТЕРНАТИВНАЯ ФОРМА | |
| Системный номер авторитетной/нормативной записи | z01700 |
| Начальный элемент ввода | Berlioz |
| Часть имени, кроме начального элемента ввода | H. |
| Даты | 1803-1869 |
| Расширение инициалов личного имени | Louis-Hector |
| Код отношения | Композитор |
| Графика поля | Латинская |
| 790 #1 - ИМЯ ЛИЦА - АЛЬТЕРНАТИВНАЯ ФОРМА | |
| Системный номер авторитетной/нормативной записи | z03702 |
| Начальный элемент ввода | Bašmet |
| Часть имени, кроме начального элемента ввода | J. |
| Дополнения к именам, кроме дат | viola |
| Даты | 1953- |
| Расширение инициалов личного имени | Jurij |
| Код отношения | Музыкант |
| -- | |
| Графика поля | Латинская |
| 790 #1 - ИМЯ ЛИЦА - АЛЬТЕРНАТИВНАЯ ФОРМА | |
| Системный номер авторитетной/нормативной записи | z04702 |
| Начальный элемент ввода | Fedoseev |
| Часть имени, кроме начального элемента ввода | V. I. |
| Дополнения к именам, кроме дат | conductor |
| Даты | 1932- |
| Расширение инициалов личного имени | Vladimir Ivanovič |
| Код отношения | Дирижер, Руководитель оркестра |
| Графика поля | Латинская |
| 790 #1 - ИМЯ ЛИЦА - АЛЬТЕРНАТИВНАЯ ФОРМА | |
| Системный номер авторитетной/нормативной записи | z05702 |
| Начальный элемент ввода | Sollertinskij |
| Часть имени, кроме начального элемента ввода | I. I. |
| Даты | 1902-1944 |
| Расширение инициалов личного имени | Ivan Ivanovič |
| Код отношения | Автор обозрения, рецензии |
| Графика поля | Латинская |
| 801 #0 - ИСТОЧНИК ЗАПИСИ | |
| Страна | Российская Федерация |
| Организация | NLR |
| Дата составления | 20240327 |
| Правила каталогизации | PSBO |
| 801 #1 - ИСТОЧНИК ЗАПИСИ | |
| Страна | Российская Федерация |
| Организация | NLR |
| Дата составления | 20240327 |
| Источник данных | rusmarc |
| 801 #2 - ИСТОЧНИК ЗАПИСИ | |
| Страна | Российская Федерация |
| Организация | NLR |
| Дата составления | 20250630 |
| 852 ## - МЕСТОНАХОЖДЕНИЕ И ШИФР ХРАНЕНИЯ | |
| Идентификатор организации | NLR |
| Наименование фонда или коллекции (Sub-Location Identifier) | Мг |
| Шифр хранения (Call Number) | 3/10316 |
| Страна | |
| Номер экземпляра | 1 |
| 942 ## - ДОПОЛНИТЕЛЬНЫЕ ЭЛЕМЕНТЫ ЗАПИСИ (АБИС) | |
| Тип экземпляра АБИС | Звукозапись |
| 980 ## - КОЛЛЕКЦИЯ | |
| Название коллекции | Национальная библиография |
| 980 ## - КОЛЛЕКЦИЯ | |
| Название коллекции | Отдел нот и звукозаписей |
Нет доступных экземпляров.